000
00345 a2200157 4500
001
152812
040
_c
Escola São Tomás de Aquino
100
_a
MACHADO, Ana Maria
240
1
0
_a
Uma boa cantoria
_l
por
245
1
0
_a
Uma boa cantoria
300
_a
31
362
0
_a
2003
440
1
_a
FTD
697
_a
*LITERATURA INFANTO
942
_c
BK
999
_c
152812
_d
152812